All The Sims Expansions and Stuff Packs - Statistics

General Stats
  • This quiz has been taken 57 times
    54 since last reset
  • The average score is 71 of 92
Answer Stats
Answer % Correct
Discover University
93%
Seasons
93%
Seasons
93%
Seasons
93%
University
93%
University Life
93%
Vampires
90%
Apartment Life
88%
Cats & Dogs
88%
Generations
88%
Get to Work
88%
IKEA Home
88%
Pets
88%
Pets
88%
Katy Perry's Sweet Treats
85%
Nightlife
85%
Werewolves
85%
Bon Voyage
83%
City Living
83%
Cottage Living
83%
Eco Lifestyle
83%
For Rent
83%
Get Famous
83%
Open For Business
83%
Ambitions
80%
Freetime
80%
Get Together
80%
H&M Fashion
80%
Happy Holiday / Holiday Party
80%
High School Years
80%
Island Living
80%
Parenthood
80%
Growing Together
78%
Horse Ranch
78%
Hot Date
78%
Livin' Large
78%
Makin' Magic
78%
Mansion & Garden
78%
Movie Stuff
78%
Outdoor Retreat
78%
Paranormal
78%
Spooky Stuff
78%
Supernatural
78%
Celebration!
76%
Cool Kitchen
76%
Into the Future
76%
Kids Room
76%
Late Night
76%
Laundry Day
76%
Lovestruck
76%
Luxury Party
76%
Snowy Escape
76%
Spa Day
76%
Star Wars: Journey to Batuu
76%
Tiny Living
76%
Toddler Stuff
76%
Backyard Stuff
73%
Diesel
73%
Family Fun
73%
Glamour Life
73%
Island Paradise
73%
Kitchen & Bath Interior Design
73%
Moschino
73%
My First Pet
73%
Perfect Patio
73%
Realm of Magic
73%
Romantic Garden
73%
StrangerVille
73%
Teen Style
73%
Unleashed
73%
World Adventures
73%
Bowling Night
71%
Dream Home Decorator
71%
Jungle Adventure
71%
My Wedding Stories
71%
Nifty Knitting
71%
Showtime
71%
Superstar
71%
Vacation/On Holiday
71%
Dine Out
68%
Fitness Stuff
68%
House Party
68%
Movie Hangout
68%
Vintage Glamour
68%
70s, 80s, & 90s
66%
Crystal Creations
66%
Fast Lane
66%
High End Loft
66%
Home Chef Hustle
66%
Outdoor Living
63%
Town Life
63%
Master Suite
61%
No matching quizzes found
Score Distribution
Percent of People with Each Score
Percentile by Number Answered
Your Score History
You have not taken this quiz since the last reset